| 000 | 00610nam a2200181Ia 4500 | ||
|---|---|---|---|
| 005 | 20250923145924.0 | ||
| 008 | 008 250917s9999 xx 000 0 eng d | ||
| 037 | _aTextual | ||
| 040 |
_aDSWL _beng _cDSWL |
||
| 041 |
_aeng _2eng |
||
| 084 |
_aY38:aH.281'N'93tu, N93 _qDSWL |
||
| 100 |
_aBasumatary, S.K. _9840324 |
||
| 245 | 2 |
_aA study of the feelings of National Integration by North-East students studying in university of Delhi _c by S.K. Basumatary |
|
| 260 |
_aDelhi _bD.S.S.W. _c1993 |
||
| 300 | _a69p. | ||
| 942 |
_cTEXL _hY38:aH.281'N'93tu, N93 |
||
| 999 |
_c1457382 _d1457382 |
||